00691nam a22002057a 4500003000400000005001700004008004100021020001500062040000700077100003000084245004700114260002800161300001900189505015800208650002000366650001800386651001400404653001500418710005200433OSt20180716103044.0180305b xxu||||| |||| 00| 0 spa d a9505360460 cPJ aCapón Filas, Rodolfo E.10aLey de empleo /cRodolfo E. Capón Filas. aLa Plata :bLep,c1992. a257 p.c23 cm. aContenido: Análisis práctico de la ley 24.013 y decretos reglamentarios. Valoración constitucional. Ubicación en el Mercosur. Derecho comparado.  0aDERECHO LABORAL 0aLEY DE EMPLEO 0aARGENTINA aLEY 24.013 aArgentina. Leyes, decretos, etc. Ley nº 24.013